000 00359nam a22001217a 4500
003 OSt
008 110509b xxu||||| |||| 00| 0 eng d
100 1 _aSeymour, James Benjamin, 1867-1950.; Easton, John.; Gardiner-Hill, Clive.
041 _aeng
245 1 0 _aThe postage stamps of Great Britain, 1840-1853.
260 _bRoyal Philatelic Society
300 _a0 pages
999 _c105
_d105